Secular India Politics of Minorityism (Record no. 177809)
[ view plain ]
| 000 -LEADER | |
|---|---|
| fixed length control field | 00631nam a22001817a 4500 |
| 005 - DATE AND TIME OF LATEST TRANSACTION | |
| control field | 20210304155354.0 |
| 010 ## - LCCN (DPL NO) | |
| LC control number | ENG-129149 |
| 020 ## - INTERNATIONAL STANDARD BOOK NUMBER | |
| Terms of availability | 499.00 |
| International Standard Book Number | 978-93-80828-77-0 |
| 035 ## - SYSTEM CONTROL NUMBER | |
| System control number | EN-112681 |
| 037 ## - SOURCE OF ACQUISITION | |
| Source of stock number/acquisition | DBAD/PUB |
| 082 ## - DEWEY DECIMAL CLASSIFICATION NUMBER | |
| Classification number | 322.10954 |
| 245 ## - TITLE STATEMENT | |
| Title | Secular India Politics of Minorityism |
| Statement of responsibility, etc | Edited by Rakesh Sinha |
| 260 ## - PUBLICATION, DISTRIBUTION, ETC. (IMPRINT) | |
| Place of publication, distribution, etc | New Delhi |
| Name of publisher, distributor, etc | Vitasta Publishing Pvt Ltd. |
| Date of publication, distribution, etc | 2012 |
| 270 ## - ADDRESS | |
| Address | 2/15, Ansari Road, Daryaganj |
| City | New Delhi |
| Postal code | 110002 |
| Electronic mail address | info@vitastapublishing.com |
| 300 ## - PHYSICAL DESCRIPTION | |
| Extent | 250p. |
| Dimensions | 22cm(hbk) |
| Other physical details | Including bibliographcal references |
| 700 ## - ADDED ENTRY--PERSONAL NAME | |
| Personal name | Sinha, Rakesh, Ed. |
| 942 ## - ADDED ENTRY ELEMENTS (KOHA) | |
| Source of classification or shelving scheme | Dewey Decimal Classification |
| Item type | English Books |
| Classification part | 322.10954 |
| Call number suffix | SEC |
| Withdrawn status | Lost status | Not for loan | Collection code | Home library | Current library | Date acquired | Source of acquisition | Cost, normal purchase price | Full call number | Barcode | Copy number | Cost, replacement price | Koha item type |
|---|---|---|---|---|---|---|---|---|---|---|---|---|---|
| Non-fiction | Shahdara Branch | Shahdara Branch | 04/03/2021 | DBAD/PUB | 499.00 | 322.10954 SEC | EN-112681 | 1 | 499.00 | English Books |
